Estadísticas para Fobias

Haz click aquí para intentar la prueba.

Estadísticas generales

  • Esta prueba ha sido intentada 43 veces
  • La puntuación promedio es 5 de 160

Estadísticas de respuestas

SignificadosFobias% Correcto
Miedo a las arañasAracnofobia
69%
Miedo intenso a estar en espacios cerradosClaustrofobia
44%
Miedo a las extremas alturasAcrofobia
38%
Miedo al aguaHidrofobia
34%
Miedo extremo al mar o al océanoTalasofobia
28%
Miedo a viajar en un aviónAerofobia
25%
Miedo a los espacios abiertos y
transporte público
Agorafobia
25%
Miedo a los alemanesGermanofobia
25%
Rechazo a los extranjerosXenofobia
22%
Miedo a los agujeros y figuras geométricasTripofobia
16%
Miedo a perder el celularNomofobia
13%
Miedo injustificado hacia las personas en generalAntropofobia
9%
Miedo al miedoFobofobia
9%
Miedo a los ancianosGerontofobia
9%
Miedo a los números en generalNumerofobia
9%
Miedo a los rayos y tormentasBrontofobia
6%
Miedo a los payasosCoulrofobia
6%
Miedo al dentistaDentofobia
6%
Miedo a la electricidadElectrofobia
6%
Miedo a los insectosEntomofobia
6%
Miedo intenso a hablar en públicoGlosofobia
6%
Miedo a la sangreHemofobia
6%
Miedo a las palabras largasHipopotomonstrosesquipedaliofobia
6%
Miedo a los cadáveresNecrofobia
6%
Miedo al PapaPapafobia
6%
Miedo a la muerteTanatofobia
6%
Miedo al color amarilloXantofobia
6%
Miedo a los animalesZoofobia
6%
Miedo a bañarse o ducharseAblutofobia
3%
Miedo a los gatosAilurofobia
3%
Miedo a los objetos puntiagudosBelonefobia
3%
Miedo a los perrosCinofobia
3%
Miedo a ser robadoCleptofobia
3%
Miedo irracional al paso del tiempoCronofobia
3%
Miedo al hogar y a la casaEcofobia
3%
Miedo a los caballosEquinofobia
3%
Miedo a las buenas noticiasEufobia
3%
Miedo al amor y a enamorarseFilofobia
3%
Miedo a los globosGlobofobia
3%
Miedo a los reptiles y anfibiosHerpetofobia
3%
Miedo a los pecesIctiofobia
3%
Miedo a las mariposasLepidopterofobia
3%
Miedo a la noche y la oscuridadNictofobia
3%
Miedo a las serpientesOfidiofobia
3%
Miedo a las aves en generalOrnitofobia
3%
Miedo al papel secoPapirofobia
3%
Miedo a las barbasPogonofobia
3%
Miedo irracional de los celosZelofobia
3%
Miedo a los ruidosAcusticofobia
0%
Miedo a las callesAgirofobia
0%
Miedo a los animales salvajesAgrizofobia
0%
Miedo a los pollos y gallinasAlectorofobia
0%
Miedo a los ajosAlliumfobia
0%
Miedo a caminarAmbulofobia
0%
Miedo a mirar hacia arribaAnablefobia
0%
Miedo al vientoAncrofobia
0%
Miedo al aireAnemofobia
0%
Miedo a las floresAntrofobia
0%
Miedo a las abejasApifobia
0%
Miedo a que la mantequilla se quede
enganchada en el paladar superior
Araquibutirofobia
0%
Miedo a los hombresArrenofobia
0%
Miedo al fuegoArsonfobia
0%
Miedo al desordenAtaxofobia
0%
Miedo a las explosiones atómicasAtomosofobia
0%
Miedo extremo a oler malAutodisomofobia
0%
Miedo a quedarse soloAutofobia
0%
Miedo a experimentar sensaciones causadas
por cambios en la gravedad
Barofobia
0%
Miedo a las caídas que pueden producir
heridas o roturas de huesos
Basofobia
0%
Miedo extremo a la profundidadBatofobia
0%
Miedo a los libros y la lecturaBibliofobia
0%
Miedo a los animales pertenecientes a la familia
de los bóvidos, como vacas y toros
Bovinofobia
0%
Miedo al cabelloCaetofobia
0%
Miedo a los Hidratos de CarbonoCarbofobia
0%
Miedo extremo a contraer cáncerCarcinofobia
0%
Miedo a la posibilidad de tener un infartoCardiofobia
0%
Miedo a sentarseCatisofobia
0%
Miedo a los espejosCatoptrofobia
0%
Miedo a las habitaciones vacíasCenophobia
0%
Miedo a bailarChorofobia
0%
Miedo a las olas del mar o de los océanosCimofobia
0%
Miedo al color verdeClorofobia
0%
Miedo a los cementeriosCoimetrofobia
0%
Miedo a los palillos de la comida japonesaConsecotaleophobia
0%
Miedo a sufrir abusos o violacionesContreltofobia
0%
Miedo al dineroCrematofobia
0%
Miedo a los colores en general y a lo coloridoCromofobia
0%
Miedo a tomar decisionesDecidofobia
0%
Miedo a comer con otras personasDeipnofobia
0%
Miedo a contagiarse enfermedades de la pielDermatopatofobia
0%
Miedo a los objetos situados a la derecha
del cuerpo
Dextrofobia
0%
Miedo a la posibilidad de desarrollar diabetesDiabetofobia
0%
Miedo de ir a la escuelaDidascaleinofobia
0%
Miedo al alcoholDipsofobia
0%
Miedo a los jóvenes y adolescentesEfebifobia
0%
Miedo a los gatosElurofobia
0%
Miedo al vómitoEmetofobia
0%
Miedo a los vinosEnofobia
0%
Miedo al trabajoErgofobia
0%
Miedo al color rojoEritrofobia
0%
Miedo a comer y a tragar alimentosFagofobia
0%
Miedo a las personas calvas, y también,
a quedarse calvo
Falacrofobia
0%
Miedo a dar o recibir besosFilemafobia
0%
Miedo a cruzar puentesGefirofobia
0%
Miedo a reirseGeliofobia
0%
Miedo a que se burlen de unoGelotofobia
0%
Miedo a las relaciones sexualesGenofobia
0%
Miedo a la desnudezGimnofobia
0%
Miedo a los estadounidenses y a todo lo que
provenga de Estados Unidos
Gringofobia
0%
Miedo a ser tocadoHafefobia
0%
Miedo a pecarHamartofobia
0%
Miedo al número 666Hexakosioihexekontahexafobia
0%
Miedo a los árbolesHilofobia
0%
Miedo a ser envenenadoiofobia
0%
Miedo a que te tomen fotografíasIpovlopsychofobia
0%
Miedo a las cucarachasKatsaridafobia
0%
Miedo a los botonesKoumpounofobia
0%
Miedo a los vegetalesLacanofobia
0%
Miedo a hablarLalofobia
0%
Miedo a los objetos situados a la izquierda
del cuerpo
Levofobia
0%
Miedo a las cuerdas, cadenas e hilosLinonofobia
0%
Miedo a los procesos judicialesLiticafobia
0%
Miedo a quedar embarazadaLocquiofobia
0%
Miedo a esperarMacrofobia
0%
Miedo a cocinarMageirocofobia
0%
Miedo a los castigosMastigofobia
0%
Miedo a los objetos grandesMegalofobia
0%
Miedo a la músicaMelofobia
0%
Miedo a las hormigasMirmecofobia
0%
Miedo a la suciedadMisofobia
0%
Miedo al vidrioNelofobia
0%
Miedo a los hospitalesNosocomefobia
0%
Miedo al dolorOdynofobia
0%
Miedo a los ojosOmatofobia
0%
Miedo a la lluviaOmbrofobia
0%
Miedo a los ombligosOmfalofobia
0%
Miedo a los nombres o ciertas palabrasOnomatofobia
0%
Miedo a abrir los ojosOptofobia
0%
Miedo a todoPanofobia
0%
Miedo a las chicas vírgenesPartenofobia
0%
Miedo a las suegrasPenterafobia
0%
Miedo a confiar en los demásPistantrofobia
0%
Miedo a los políticosPoliticofobia
0%
Miedo a recibir cosquillas con una plumaPteronofobia
0%
Miedo a las alucinacionesPyrexiofobia
0%
Miedo a la nieveQuionofobia
0%
Fobia a los quirópteros (Murciélagos)Quiroptofobia
0%
Miedo a las arrugasRhytifobia
0%
Miedo a sufrir un ataque de tiburónSelacofobia
0%
Miedo a los chinosSinofobia
0%
Miedo a aprender cosas nuevasSofofobia
0%
Miedo a dormirSomnifobia
0%
Miedo al espacio exteriorSpacefobia
0%
Miedo a la velocidadTacofobia
0%
Miedo a ser enterrado vivoTapefobia
0%
Miedo a los test y a reprobar los exámenesTestofobia
0%
Miedo al número 13Triscaidecafobia
0%
Miedo al quesoTurofobia
0%
Miedo al cieloUranofobia
0%
Miedo y rechazo injustificado hacia las mujeres
hermosas
Venustrafobia
0%
Miedo a la ropaVestifobia
0%

Distribución de puntuación

Porcentaje por número respondido

Porcentaje de gente con cada puntuación

Historial de tus puntuaciones

No has intentado esta prueba.